000 01128cam a2200337 4500
999 _c24102
_d24102
001 vtls012150651
005 20251219142041.0
008 221003s2022 xo g 000 f slo
020 _a9788022024235
_q(viazané)
040 _aTTKJF
_bslo
_cTTKJF
_dSNK
_erda
041 1 _aslo
_heng
044 _axo
_cSK
072 7 _a821.111(73)-3
_xAmerická próza
_2konspekt
080 _a821.111(73)-31
_22011
080 _a(0:82-312.5)
_22011
100 1 _aQuinn, Ella
_4aut
_95372
240 1 0 _aWhen a Marquis chooses a Bride
_lSlovensky
245 1 0 _aMarkíz hľadá manželku
_cElla Quinn ; z anglického originálu ... preložila Tamara Chovanová
264 1 _aBratislava
_bSlovenský spisovateľ
_c2022
300 _a351 strán
_c21 cm
336 _atext
_btxt
_2rdacontent
337 _abez média
_bn
_2rdamedia
338 _azväzok
_bnc
_2rdacarrier
655 7 _aamerické romány
_2SNKPH
_92
655 7 _aľúbostné romány
_2SNKPH
_913
655 7 _aAmerican novels
_2SNKPHeng
_91670
655 7 _aľúbostné romány
_2SNKPHeng
_913
700 1 _aChovanová, Tamara,
_d1953-
_4trl
_91712
958 _aLX
958 _aUP